000 00281nam a2200121Ia 4500
008 190216s9999||||xx |||||||||||||| ||und||
100 _aChandramadhi N T
245 0 _aLaw Of Sales Tax In Kerala
260 _bWadhwa & Co
_c1991
300 _a225p
650 _aCommerce
942 _cBK
999 _c5624
_d5624